French Food - Statistics

General Stats
  • This quiz has been taken 75 times
  • The average score is 12 of 15
Answer Stats
French English % Correct
fromage cheese
97%
gâteau cake
95%
œuf egg
95%
poisson fish
95%
pomme apple
94%
glace ice cream
86%
raisins grapes
83%
sel salt
83%
ananas pineapple
81%
biscuit cookie
78%
frites french fries
78%
poivre pepper
73%
pâtes pasta
59%
épinard spinach
52%
gaufre waffle
40%
No matching quizzes found
Score Distribution
Percent of People with Each Score
Percentile by Number Answered
Your Score History
You have not taken this quiz